<The> Main Political Questions of Investor State Dispute Settlement

Súčasné medzinárodné investičné právo: zmluvné dodatky ISDS (investor-state dispute settlement, urovnávanie sporov medzi investorom a štátom). Kritická analýza troch režimov ISDS z pohľadu politickej vedy: regulačné zmrazenie, nekonzistencia v rozhodovaní tribunálov a transparencia arbitrážnych kona...

Descrizione completa

Salvato in:
Dettagli Bibliografici
Autore principale: Karas, Martin, 1991-
Natura: Capitolo di libro
Lingua:inglese
Soggetti:
Tags: Aggiungi Tag
Nessun Tag, puoi essere il primo ad aggiungerne!!

MARC

LEADER 00000nla a2200000 4500
001 0246021
005 20240502073943.7
041 0 |a eng 
044 |a SK 
245 1 0 |a <The> Main Political Questions of Investor State Dispute Settlement  |c Martin Karas 
520 |a Súčasné medzinárodné investičné právo: zmluvné dodatky ISDS (investor-state dispute settlement, urovnávanie sporov medzi investorom a štátom). Kritická analýza troch režimov ISDS z pohľadu politickej vedy: regulačné zmrazenie, nekonzistencia v rozhodovaní tribunálov a transparencia arbitrážnych konaní. 
610 2 0 |a politika 
610 2 0 |a právo 
610 2 0 |a právo medzinárodné 
610 2 0 |a zmluvy medzinárodné 
610 2 0 |a investície 
610 2 0 |a investori 
610 2 0 |a investovanie 
610 2 0 |a štát 
610 2 0 |a vláda 
610 2 0 |a spory súdne 
610 2 0 |a arbitráž 
100 1 |a Karas, Martin, 1991-